Đặc điểm cơ thể người có tuổi xét về mặt bảo vệ sức khỏe

সংরক্ষণ করুন:
গ্রন্থ-পঞ্জীর বিবরন
প্রধান লেখক: Nguyễn Thiện Thành
বিন্যাস: গ্রন্থ
ভাষা:Undetermined
প্রকাশিত: Cửu Long Nxb. Tổng hợp Cửu Long 1984
বিষয়গুলি:
ট্যাগগুলো: ট্যাগ যুক্ত করুন
কোনো ট্যাগ নেই, প্রথমজন হিসাবে ট্যাগ করুন!
Thư viện lưu trữ: Trung tâm Học liệu Trường Đại học Cần Thơ
LEADER 00623nam a2200181Ia 4500
001 CTU_12114
008 210402s9999 xx 000 0 und d
082 |a 618.97 
082 |b Th107đ 
100 |a Nguyễn Thiện Thành 
245 0 |a Đặc điểm cơ thể người có tuổi xét về mặt bảo vệ sức khỏe 
245 0 |c Nguyễn Thiện Thành 
260 |a Cửu Long 
260 |b Nxb. Tổng hợp Cửu Long 
260 |c 1984 
650 |a geriatrics 
904 |i Nguyễn Quang Điền, 961010 
980 |a Trung tâm Học liệu Trường Đại học Cần Thơ